00343nam a22001337a 450000500170000001000130001702000260003003500130005603700180006908200110008724500540009826000370015230000200018920190227162900.0 aB-713304 a9781108677127c475.00 aB-713304 bL/RP/RK Books a480.76 aCambridge English IELTS 12bAcedemic With Answers bCambridge University Pressc2018 a136pc23cm(pbk)